The big book of stress-relief games : (Record no. 1414)

MARC details
000 -LEADER
fixed length control field 01089cam a22003137a 4500
005 - DATE AND TIME OF LATEST TRANSACTION
control field 20260322212059.0
008 - FIXED-LENGTH DATA ELEMENTS--GENERAL INFORMATION
fixed length control field data
010 ## - LIBRARY OF CONGRESS CONTROL NUMBER
LC control number 00269576
015 ## - NATIONAL BIBLIOGRAPHY NUMBER
National bibliography number GBA0-Y3988
020 ## - INTERNATIONAL STANDARD BOOK NUMBER
International Standard Book Number 0070218668 (alk. paper)
020 ## - INTERNATIONAL STANDARD BOOK NUMBER
International Standard Book Number 9780070218666 (alk. paper)
040 ## - CATALOGING SOURCE
Original cataloging agency UKM
Transcribing agency UKM
Modifying agency DLC
-- DLC
042 ## - AUTHENTICATION CODE
Authentication code lccopycat
050 00 - LIBRARY OF CONGRESS CALL NUMBER
Classification number RA785
Item number .E67 2000
082 00 - DEWEY DECIMAL CLASSIFICATION NUMBER
Classification number 155.9/042
Edition information 21
096 ## - LOCALLY ASSIGNED NLM-TYPE CALL NUMBER (OCLC)
Classification number HF 5548.85 E669 2000
001 - CONTROL NUMBER
control field data
100 1# - MAIN ENTRY--PERSONAL NAME
Personal name Epstein, Robert,
Dates associated with a name 1953-
245 14 - TITLE STATEMENT
Title The big book of stress-relief games :
Remainder of title quick, fun activities for feeling better at work /
Statement of responsibility, etc. Robert Epstein.
246 30 - VARYING FORM OF TITLE
Title proper/short title Stress-relief games
260 ## - PUBLICATION, DISTRIBUTION, ETC.
Place of publication, distribution, etc. New York :
Name of publisher, distributor, etc. McGraw-Hill,
Date of publication, distribution, etc. c2000.
300 ## - PHYSICAL DESCRIPTION
Extent xiii, 203 p. :
Other physical details ill. ;
Dimensions 24 cm.
500 ## - GENERAL NOTE
General note Includes index.
650 #0 - SUBJECT ADDED ENTRY--TOPICAL TERM
Topical term or geographic name entry element Stress management.
650 #0 - SUBJECT ADDED ENTRY--TOPICAL TERM
Topical term or geographic name entry element Games.
856 42 - ELECTRONIC LOCATION AND ACCESS
Materials specified Contributor biographical information
Uniform Resource Identifier <a href="http://www.loc.gov/catdir/bios/mh041/00269576.html">http://www.loc.gov/catdir/bios/mh041/00269576.html</a>
856 42 - ELECTRONIC LOCATION AND ACCESS
Materials specified Publisher description
Uniform Resource Identifier <a href="http://www.loc.gov/catdir/description/mh021/00269576.html">http://www.loc.gov/catdir/description/mh021/00269576.html</a>
856 41 - ELECTRONIC LOCATION AND ACCESS
Materials specified Table of contents
Uniform Resource Identifier <a href="http://www.loc.gov/catdir/toc/mh021/00269576.html">http://www.loc.gov/catdir/toc/mh021/00269576.html</a>
Holdings
Withdrawn status Lost status Damaged status Not for loan Home library Current library Shelving location Date acquired Total checkouts Full call number Barcode Date last seen Price effective from Koha item type
        Riverside Riverside General stacks 22/03/2026   155.9/042 21 BC0011461 22/03/2026 22/03/2026 Books